Exploring water resources : GIS investigations for the earth sciences

Đã lưu trong:
书目详细资料
格式: 图书
语言:Undetermined
出版: Australia Brooks 2003
主题:
标签: 添加标签
没有标签, 成为第一个标记此记录!
Thư viện lưu trữ: Trung tâm Học liệu Trường Đại học Cần Thơ
LEADER 00639nam a2200217Ia 4500
001 CTU_88922
008 210402s9999 xx 000 0 und d
020 |c 268000 
082 |a 551.48028 
082 |b E96 
245 0 |a Exploring water resources : 
245 0 |b GIS investigations for the earth sciences 
245 0 |c Michelle K. Hall-Wallace ... [et al.] 
260 |a Australia 
260 |b Brooks 
260 |c 2003 
650 |a Hydrology,Geographic information systems 
650 |x Data processing 
904 |i Truc 
910 |a Sách kèm CD số: AV.001809 
980 |a Trung tâm Học liệu Trường Đại học Cần Thơ